00000000nam 2200000za 4500
0019.833585
003CaOODSP
00520251031142447
007cr |||||||||||
008170309s2006    oncabd  ob   f000 0 eng d
040 |aCaOODSP|beng
043 |an-cn-nt
0861 |aM183-2/5326E-PDF
1001 |aManson, Gavin K.|q(Gavin Kertland),|d1971-
24510|aMapping and monitoring activities in the Pingo Canadian Landmark, Tuktoyaktuk, NWT, 2004-2005 |h[electronic resource] / |cG.K. Manson, J. Bastick.
260 |a[Ottawa] : |bNatural Resources Canada, |c2006.
300 |a18 p. : |bcharts, col. ill., col. maps
4901 |aOpen file ; |v5326
500 |aHistorical publication digitized by the Geological Survey of Canada.
500 |a"2006."
504 |aIncludes bibliographical references.
5203 |a"Located on the Tuktoyaktuk Peninsula adjacent to Kugmallit Bay, the 16.4 km2 Pingo Canadian Landmark (PCL) was identified as an area of national significance by Parks Canada in 1997. The PCL is jointly managed by Parks Canada, the lnuvialuit Land Administration, and various Tuktoyaktuk community organisations for the purposes of developing tourism in the vicinity of Tuktoyaktuk while maintaining the ecological integrity and stability of the landforms in the PCL. The Memorandum of Agreement between joint management organisations includes commitments to monitor elevation changes of Split and lbyuk Pingos and the erosion and impacts of visitors on pingo slopes. As part of Natural Resources Canada Earth Science Sector's Information for Other Government Departments project of the program Reducing Canada's Vulnerability to Climate Change, the Geological Survey of Canada (GSC) is collaboratiing with Parks Canada (PC) in monitoring landforms and coastal processes in the PCL. This monitoring focusses particularly on the morphologic mapping component and detection of changes in pingos and other coastal features, leading to an evaluation of landform stability. This document summarises activities to date and presents preliminary results with recommendations for future collaborative monitoring"--Intro., p. 1.
69207|2gccst|aCoasts
69207|2gccst|aErosion
69207|2gccst|aGeomorphology
69207|2gccst|aGeophysics
69207|2gccst|aSurficial geology
7001 |aBastick, Jacqueline,|d1970-
7101 |aCanada. |bNatural Resources Canada.
7102 |aGeological Survey of Canada (Atlantic)
7102 |aParks Canada.|bWestern Arctic Field Unit.
7102 |aGeological Survey of Canada.
830#0|aOpen file (Geological Survey of Canada)|v5326|w(CaOODSP)9.506878
85640|qPDF|s7.88 MB|uhttps://publications.gc.ca/collections/collection_2017/rncan-nrcan/M183-2/M183-2-5326-eng.pdf
986 |a222402